00488nam a2200145Ia 4500008004100000020001400041245007400055260006800129516002000197650001500217830002600232856005800258942000700316999001900323150121s9999 xx 000 0 und d a2244-1476 aIAMURE :bInternational Journal of Education /h[electronic resource] bInternational Association of Multidisciplinary Research,c2013. aElectronic text aEducation. aPhilippine E-Journals uhttp://www.ejournals.ph/index.php?journal=IAMURE-EDUC cEJ c277021d277021